| 000 | 00575nam a2200205 a 4500 | ||
|---|---|---|---|
| 005 | 20250829063931.0 | ||
| 008 | 991125n 000 0 spa u | ||
| 035 | _aUPN01000062234 | ||
| 100 | _aROSAS BARRERA, Federico | ||
| 222 | _aEDUCACION 2001 | ||
| 245 | _a75 Años de la Secretaría de Educación Pública en cifras | ||
| 300 | _a29-31 | ||
| 362 | _a1996 2(19) | ||
| 610 |
_aMEXICO. _bSECRETARIA DE EDUCACION PUBLICA |
||
| 650 | _aHISTORIA EDUCATIVA | ||
| 650 | _aALFABETIZACION | ||
| 650 | 4 |
_aAnalfabetismo _94901 |
|
| 904 |
_aAC _b000045 |
||
| 905 | _aArticulo | ||
| 999 |
_c61592 _d61592 |
||